[Event "POL-chT 2nd League"]
[Site "Mrzezyno"]
[Date "2011.09.03"]
[Round "1"]
[White "Siekaniec, Jan"]
[Black "Kukawski, Maciej"]
[Result "0-1"]
[WhiteElo "2160"]
[BlackElo "2338"]
[PlyCount "88"]
[EventDate "2011.09.03"]
[EventType "team-swiss"]
[EventRounds "9"]
[EventCountry "POL"]
[SourceTitle "EXT 2015"]
[Source "ChessBase"]
[SourceDate "2014.11.20"]
[SourceVersion "1"]
[SourceVersionDate "2014.11.20"]
[SourceQuality "1"]
[WhiteTeam "Prudnik LKS Zarzewie"]
[BlackTeam "Warszawa Polonia II"]
[WhiteTeamCountry "POL"]
[BlackTeamCountry "POL"]

1. e4 c5 2. Nf3 d6 3. d4 cxd4 4. Nxd4 Nf6 5. Nc3 e6 6. Be2 a6 7. 0-0 b5 8. a3 Bb7 9. Bd3 Be7 10. Kh1 Nc6 11. Be3 0-0 12. f4 Qc7 13. Qf3 Nd7 14. Qh3 Nxd4 15. Bxd4 e5 16. Be3 exf4 17. Nd5 Bxd5 18. exd5 g6 19. Bxf4 Bf6 20. Qg3 Be5 21. h4 Rae8 22. h5 Bxf4 23. Rxf4 Re5 24. Rf5 Rxf5 25. Bxf5 Ne5 26. Rf1 Kh8 27. Bh3 f5 28. c3 Qc4 29. Rf4 Qxd5 30. hxg6 Nxg6 31. Rd4 Qe5 32. Qf3 f4 33. Rd5 Qe1+ 34. Kh2 Ne5 35. Qd1 Qg3+ 36. Kh1 f3 37. Rxd6 f2 38. Rd8 Rxd8 39. Qxd8+ Kg7 40. Qe7+ Nf7 41. Qe2 Qf4 42. g4 Qg3 43. Qf1 Ng5 44. Qg2 Qxh3+ 0-1

[Event "Warsaw Najdorf Memorial op-A 09th"]
[Site "Warsaw"]
[Date "2011.07.17"]
[Round "4"]
[White "Kukawski, Maciej"]
[Black "Poswiatowski, Michal"]
[Result "1-0"]
[WhiteElo "2338"]
[BlackElo "1971"]
[PlyCount "65"]
[EventDate "2011.07.13"]
[EventType "swiss"]
[EventRounds "9"]
[EventCountry "POL"]
[SourceTitle "CBM 143 Extra"]
[Source "ChessBase"]
[SourceDate "2011.08.29"]
[SourceVersion "1"]
[SourceVersionDate "2011.08.29"]
[SourceQuality "1"]

1. e4 e6 2. d4 d5 3. Nc3 dxe4 4. Nxe4 Bd7 5. Nf3 Bc6 6. Bd3 Bxe4 7. Bxe4 c6 8. Ne5 Nf6 9. Bf3 Nbd7 10. Qe2 Bd6 11. Bf4 Qc7 12. 0-0 h6 13. Rfe1 0-0 14. c4 Rac8 15. Rad1 Rfe8 16. Bg3 Nf8 17. c5 Bxe5 18. Bxe5 Qd8 19. b4 Nd5 20. Qc4 Ng6 21. Bg3 Nge7 22. h3 Qd7 23. a4 b5 24. cxb6 axb6 25. a5 Nf5 26. Be5 f6 27. Bh2 Qe7 28. Rb1 Qa7 29. Rxe6 Rxe6 30. Bxd5 cxd5 31. Qxc8+ Kf7 32. a6 Re7 33. Qxf5 1-0

[Event "Warsaw-ch opA 64th"]
[Site "Warsaw"]
[Date "2011.05.13"]
[Round "7"]
[White "Nurkiewicz, Maciej"]
[Black "Kukawski, Maciej"]
[Result "0-1"]
[WhiteElo "2417"]
[BlackElo "2328"]
[PlyCount "59"]
[EventDate "2011.05.07"]
[EventType "swiss"]
[EventRounds "9"]
[EventCountry "POL"]
[SourceTitle "CBM 142 Extra"]
[Source "ChessBase"]
[SourceDate "2011.06.27"]
[SourceVersion "1"]
[SourceVersionDate "2011.06.27"]
[SourceQuality "1"]

1. e4 c5 2. Nf3 e6 3. d4 cxd4 4. Nxd4 Nf6 5. Nc3 d6 6. Be3 a6 7. f3 b5 8. g4 h6 9. Qd2 b4 10. Na4 Nbd7 11. h4 Ne5 12. Rg1 Bd7 13. b3 Bxa4 14. bxa4 Qc8 15. g5 hxg5 16. hxg5 Nfd7 17. f4 Nc4 18. Bxc4 Qxc4 19. g6 fxg6 20. Rb1 Rh3 21. Rb3 Nc5 22. Qg2 Rxe3+ 23. Rxe3 Qxd4 24. Qxg6+ Kd7 25. Kf2 Be7 26. Kf3 Rh8 27. Qg4 Rh4 28. Qg3 g5 29. fxg5 Rxe4 30. Rxe4 0-1

[Event "Warsaw-ch opA 64th"]
[Site "Warsaw"]
[Date "2011.05.11"]
[Round "5"]
[White "Kukawski, Maciej"]
[Black "Adamski, Andrzej"]
[Result "1/2-1/2"]
[WhiteElo "2328"]
[BlackElo "2270"]
[PlyCount "97"]
[EventDate "2011.05.07"]
[EventType "swiss"]
[EventRounds "9"]
[EventCountry "POL"]
[SourceTitle "CBM 142 Extra"]
[Source "ChessBase"]
[SourceDate "2011.06.27"]
[SourceVersion "1"]
[SourceVersionDate "2011.06.27"]
[SourceQuality "1"]

1. e4 c5 2. c3 d5 3. exd5 Qxd5 4. d4 Nf6 5. Nf3 Nc6 6. dxc5 Qxd1+ 7. Kxd1 Bg4 8. b4 a5 9. Bb5 axb4 10. Bxc6+ bxc6 11. cxb4 Nd5 12. Bd2 g6 13. a3 Bg7 14. Ra2 Kd7 15. Re1 Rhb8 16. Re2 h6 17. Kc1 Be6 18. g3 Ke8 19. Rxe6 fxe6 20. Rc2 Kd7 21. Be1 Rf8 22. Nfd2 g5 23. Nc4 Bd4 24. Nc3 Kc7 25. Ne4 Rf3 26. Kd1 Rfxa3 27. Nxa3 Rxa3 28. Ke2 Kb7 29. Bd2 Ka6 30. h4 gxh4 31. gxh4 Rh3 32. Ra2+ Kb7 33. f3 Rxh4 34. Kd3 e5 35. Kc4 Nc7 36. Bc3 Bxc3 37. Kxc3 Rh3 38. Rf2 Nb5+ 39. Kc4 Nd4 40. Rg2 Rxf3 41. Rg7 Ka6 42. Rxe7 Re3 43. Nd6 Ne2 44. b5+ cxb5+ 45. Nxb5 Re4+ 46. Kd5 Re3 47. Nc7+ Ka5 48. Rxe5 Nf4+ 49. Kd4 1/2-1/2

[Event "Warsaw YMCA 85th"]
[Site "Warsaw"]
[Date "2011.02.02"]
[Round "3"]
[White "Nguyen, Piotr"]
[Black "Kukawski, Maciej"]
[Result "1-0"]
[WhiteElo "2394"]
[BlackElo "2331"]
[PlyCount "41"]
[EventDate "2011.01.07"]
[EventType "tourn"]
[EventRounds "9"]
[EventCountry "POL"]
[EventCategory "3"]
[SourceTitle "EXT 2012"]
[Source "ChessBase"]
[SourceDate "2011.11.24"]
[SourceVersion "1"]
[SourceVersionDate "2011.11.24"]
[SourceQuality "1"]

1. d4 d5 2. c4 e6 3. Nc3 c6 4. e4 dxe4 5. Nxe4 Bb4+ 6. Bd2 Qxd4 7. Bxb4 Qxe4+ 8. Be2 Na6 9. Ba5 f6 10. Qd8+ Kf7 11. 0-0-0 e5 12. Bd3 Qxg2 13. Ne2 b6 14. c5 b5 15. Bc2 Nxc5 16. Rhg1 Qxf2 17. Qc7+ Ne7 18. Rxg7+ Kxg7 19. Qxe7+ Kh6 20. Bd2+ Kh5 21. Qf7+ 1-0

[Event "EU-ch rapid"]
[Site "Warsaw"]
[Date "2010.12.18"]
[Round "4"]
[White "Macieja, Bartlomiej"]
[Black "Kukawski, Maciej"]
[Result "1-0"]
[WhiteElo "2636"]
[BlackElo "2318"]
[PlyCount "128"]
[EventDate "2010.12.18"]
[EventType "swiss (rapid)"]
[EventRounds "13"]
[EventCountry "POL"]
[SourceTitle "CBM 139 Extra"]
[Source "ChessBase"]
[SourceDate "2011.01.05"]
[SourceVersion "1"]
[SourceVersionDate "2011.01.05"]
[SourceQuality "1"]

1. e4 c5 2. Nc3 Nc6 3. Nf3 e5 4. Bc4 Be7 5. d3 Nf6 6. Nd2 Na5 7. Nf1 d6 8. Ne3 0-0 9. 0-0 Ne8 10. Bd5 Bg5 11. a3 Be6 12. b4 cxb4 13. axb4 Qc8 14. Bxe6 fxe6 15. bxa5 Qxc3 16. Rb1 Rf7 17. Bd2 Qc6 18. Nc4 Bf4 19. g3 d5 20. Bxf4 dxc4 21. Bxe5 Rd8 22. Qe2 cxd3 23. cxd3 Qa6 24. Rb3 Qxa5 25. d4 Qa4 26. Rb2 b6 27. Rc1 Qd7 28. Rbc2 Nf6 29. Rc7 Qe8 30. Rxf7 Qxf7 31. Rc7 Rd7 32. Rc8+ Ne8 33. Qc4 Kf8 34. Qc6 Qe7 35. Qa8 g6 36. Kg2 Kf7 37. h4 h5 38. Rc3 Kg8 39. Qc6 Nd6 40. Rf3 b5 41. Bxd6 Qxd6 42. Qxb5 Qxd4 43. Qb8+ Rd8 44. Qc7 Rf8 45. Rxf8+ Kxf8 46. e5 Qe4+ 47. Kh2 Qf5 48. Qb8+ Kg7 49. Qxa7+ Kh8 50. Qe3 Kh7 51. Kg2 Qf7 52. Qf3 Qc7 53. Qf6 Qc6+ 54. Kh2 Qb7 55. Qf8 Qa7 56. Qe8 Qb7 57. Qf8 Qd7 58. Qb4 Qf7 59. Kg2 Qf5 60. Qf4 Qd3 61. Qf7+ Kh6 62. Qf8+ Kh7 63. Qf7+ Kh6 64. Qxe6 Qe4+ 1-0